Ética y pedagogía sexual : (Record no. 64355)

MARC details
000 -LEADER
campo de control de longitud fija 00733nam a2200229 i 4500
001 - NÚMERO DE CONTROL
campo de control 64355
003 - IDENTIFICADOR DE NÚMERO DE CONTROL
campo de control ES-MaACL
005 - FECHA Y HORA DE LA ÚLTIMA TRANSACCIÓN
campo de control 20250828061919.0
007 - CAMPO FIJO DE DESCRIPCIÓN FÍSICA--INFORMACIÓN GENERAL
campo de control de longitud fija t|
008 - DATOS DE LONGITUD FIJA--INFORMACIÓN GENERAL
campo de control de longitud fija 031223s1963 sp ||||1| spa d
080 ## - NÚMERO DE LA CLASIFICACIÓN DECIMAL UNIVERSAL
Número de la Clasificación Decimal Universal 176
080 ## - NÚMERO DE LA CLASIFICACIÓN DECIMAL UNIVERSAL
Número de la Clasificación Decimal Universal 371.03:176
100 1# - ENTRADA PRINCIPAL--NOMBRE DE PERSONA
Nombre de persona Foerster, Friedrich Wilhelm.
9 (RLIN) 51401
245 10 - MENCIÓN DEL TÍTULO
Título Ética y pedagogía sexual :
Resto del título (nueva exposición de antiguas verdades) /
Mención de responsabilidad, etc. Friedrich W. Foerster ; prólogo por Mgr. Fulton Sheen.
260 ## - PUBLICACIÓN, DISTRIBUCIÓN, ETC.
Lugar de publicación, distribución, etc. Alcoy :
Nombre del editor, distribuidor, etc. Marfil,
Fecha de publicación, distribución, etc. 1963.
300 ## - DESCRIPCIÓN FÍSICA
Extensión 251 p. ;
Dimensiones 24 cm.
650 #7 - PUNTO DE ACCESO ADICIONAL DE MATERIA--TÉRMINO DE MATERIA
Término de materia o nombre geográfico como elemento de entrada Ética sexual
Fuente del encabezamiento o término embne
9 (RLIN) 12591
650 #7 - PUNTO DE ACCESO ADICIONAL DE MATERIA--TÉRMINO DE MATERIA
Término de materia o nombre geográfico como elemento de entrada Educación sexual
Fuente del encabezamiento o término embne
9 (RLIN) 12121
700 ## - ENTRADA AGREGADA--NOMBRE PERSONAL
Nombre de persona Sheen, Fulton J.
Fechas asociadas al nombre 1895-1979
9 (RLIN) 227301
852 4# - LOCALIZACIÓN
Ubicación ES-MaACL
Número de control de estantería C-23673
Holdings
Estatus retirado Estado de pérdida Estado de daño No para préstamo Biblioteca de origen Biblioteca actual Ubicación en estantería Fecha de adquisición Fuente de adquisición Total de préstamos Signatura topográfica completa Código de barras Visto por última vez Precio de reemplazo Tipo de ítem Koha
        Biblioteca del Ateneo de Madrid Biblioteca del Ateneo de Madrid Depósito 2 17/01/2008     C-23673 1067438 23/02/2023 23/02/2023 Libro impreso